[Event "Aimchess US Rapid Prelim"]
[Site "Chess24.com INT"]
[Date "2021.08.30"]
[Round "11"]
[White "Carlsen, Magnus"]
[Black "Giri, Anish"]
[Result "1/2-1/2"]
[WhiteElo "2847"]
[BlackElo "2776"]
[PlyCount "124"]
[EventDate "2021.08.28"]
[EventType "tourn (rapid)"]
[EventRounds "15"]
[EventCountry "USA"]
[EventCategory "20"]
[SourceTitle "CBM 204 Extra"]
[Source "ChessBase"]
[SourceDate "2022.09.12"]
[SourceVersion "1"]
[SourceVersionDate "2022.09.12"]
[SourceQuality "1"]

1. e4 c5 2. Nc3 Nc6 3. Nf3 g6 4. Bb5 Bg7 5. d3 d6 6. e5 dxe5 7. Bxc6+ bxc6 8. O-O c4 9. h3 Be6 10. Re1 Qc7 11. Qe2 cxd3 12. cxd3 Nf6 13. Nxe5 O-O 14. Bf4 Qb7 15. Rac1 Nd5 16. Bg3 Nxc3 17. Rxc3 Bd5 18. d4 a5 19. h4 Bxa2 20. Nxc6 e6 21. Be5 f6 22. Bd6 Rfe8 23. Ra1 Bd5 24. Nxa5 Qa6 25. Qxa6 Rxa6 26. Bc5 Rb8 27. b4 Bf8 28. Ra4 Bh6 29. Ra1 Raa8 30. Rc2 Bf8 31. Rb2 Rb5 32. Nb3 Rab8 33. Ra5 Rxb4 34. Bxb4 Rxb4 35. Rxd5 exd5 36. g3 f5 37. Kf1 Bg7 38. Rb1 Kf7 39. Ke2 h5 40. Nd2 Rxb1 41. Nxb1 Bxd4 42. Nd2 f4 43. Kf3 fxg3 44. fxg3 Bf6 45. Nb3 Ke6 46. Nc5+ Kf5 47. Nd3 Be5 48. Nf2 Ke6 49. g4 Bd6 50. gxh5 gxh5 51. Nd1 Ke5 52. Nc3 d4 53. Nb5 Be7 54. Nxd4 Kxd4 55. Kg2 Bxh4 56. Kh1 Bg5 57. Kg2 Ke4 58. Kh1 Kf3 59. Kg1 Kg3 60. Kh1 h4 61. Kg1 h3 62. Kh1 h2 1/2-1/2

[Event "Zagreb SuperUnited Blitz"]
[Site "Zagreb"]
[Date "2022.07.24"]
[Round "11"]
[White "Carlsen, Magnus"]
[Black "Topalov, Veselin"]
[Result "1/2-1/2"]
[WhiteElo "2864"]
[BlackElo "2728"]
[PlyCount "118"]
[EventDate "2022.07.23"]
[EventType "tourn (blitz)"]
[EventRounds "18"]
[EventCountry "CRO"]
[EventCategory "21"]
[SourceTitle "CBM 209 Extra"]
[Source "ChessBase"]
[SourceDate "2022.09.30"]
[SourceVersion "1"]
[SourceVersionDate "2022.09.30"]
[SourceQuality "1"]

1. e4 c5 2. Nc3 Nc6 3. Bb5 Nd4 4. Nf3 Nxb5 5. Nxb5 a6 6. Nc3 d6 7. d4 cxd4 8. Qxd4 Nf6 9. Bg5 e6 10. O-O-O Be7 11. Bxf6 Bxf6 12. Qxd6 Qxd6 13. Rxd6 Be7 14. Rd3 b5 15. Rhd1 Bb7 16. a3 Rd8 17. Rxd8+ Bxd8 18. Nd4 Bb6 19. f3 g5 20. b4 Ke7 21. h3 Rc8 22. Kb2 Rd8 23. Nb3 Rxd1 24. Nxd1 Kd6 25. Kc3 h5 26. Nb2 f5 27. Kd3 fxe4+ 28. fxe4 Ke5 29. Nd2 Kf4 30. c4 bxc4+ 31. Nbxc4 Bc7 32. Ke2 h4 33. Kf2 Bc6 34. Nb2 Bb6+ 35. Kf1 Bb5+ 36. Nbc4 Be3 37. Ke1 Bd4 38. Nd6 Bc6 39. Nf3 Bc3+ 40. Ke2 Bb2 41. Nc4 Bb5 42. Kd3 Bxa3 43. Kc3 Bc1 44. Nd4 Bxc4 45. Kxc4 Kxe4 46. Nxe6 Be3 47. Nc7 Kf4 48. Nd5+ Ke4 49. Nc7 Kf4 50. Kd3 Ba7 51. Ke2 g4 52. hxg4 Kxg4 53. Nxa6 Kg3 54. Kf1 h3 55. gxh3 Kxh3 56. Ke2 Kg4 57. Kd3 Kf5 58. Kc4 Ke6 59. Nc7+ Kd7 1/2-1/2

[Event "Miami FTX Crypto Cup"]
[Site "Miami"]
[Date "2022.08.21"]
[Round "7.5"]
[White "Carlsen, Magnus"]
[Black "Praggnanandhaa, Rameshbabu"]
[Result "0-1"]
[WhiteElo "2864"]
[BlackElo "2661"]
[PlyCount "126"]
[EventDate "2022.08.15"]
[EventType "tourn (rapid)"]
[EventRounds "7"]
[EventCountry "USA"]
[SourceTitle "CBM 209 Extra"]
[Source "ChessBase"]
[SourceDate "2022.09.30"]
[SourceVersion "1"]
[SourceVersionDate "2022.09.30"]
[SourceQuality "1"]

1. e4 c5 2. Nc3 Nc6 3. Bb5 Nd4 4. Nf3 e6 5. O-O a6 6. Bd3 Nc6 7. Be2 Nd4 8. Bd3 Nc6 9. b3 d6 10. Bb2 Nf6 11. Re1 g6 12. e5 Nxe5 13. Nxe5 dxe5 14. Rxe5 Bg7 15. Rxc5 Nd7 16. Rc4 Ne5 17. Ne2 Nf3+ 18. gxf3 Bxb2 19. Rb1 Bg7 20. a4 O-O 21. Re4 Bd7 22. Re3 e5 23. Be4 Rb8 24. c4 Qh4 25. Bd5 Kh8 26. Qe1 f5 27. Kh1 b6 28. Nc3 Rbe8 29. Qg1 Bh6 30. b4 Bxe3 31. fxe3 f4 32. exf4 Qxf4 33. Qxb6 Qxd2 34. Ne4 Qd3 35. Re1 Qxf3+ 36. Kg1 Qg4+ 37. Ng3 Bxa4 38. Qxa6 Qd4+ 39. Kh1 Bb3 40. Re4 Qd1+ 41. Kg2 Bc2 42. Re2 Bd3 43. Qa2 Bxe2 44. Qxe2 Qd4 45. b5 Rd8 46. Kh3 Rxd5 47. cxd5 Qxd5 48. Ne4 Rf4 49. Ng3 h5 50. Qc2 Kg7 51. b6 Rf7 52. Qb2 Rb7 53. Qc3 Qe6+ 54. Kg2 Qxb6 55. Qxe5+ Qf6 56. Qd5 Re7 57. Qc5 h4 58. Nf1 Qe5 59. Qf2 Qe4+ 60. Kg1 Qg4+ 61. Kh1 Re2 62. Qa7+ Kh6 63. Qa8 Qe4+ 0-1

[Event "chess.com SpeedChess 2022"]
[Site "chess.com INT"]
[Date "2022.12.06"]
[Round "1.32"]
[White "Carlsen, M."]
[Black "Gukesh, D."]
[Result "1-0"]
[WhiteElo "2859"]
[BlackElo "2725"]
[PlyCount "71"]
[EventDate "2022.11.23"]
[EventType "k.o."]

1. e4 c5 2. Nc3 Nc6 3. g3 g6 4. Bg2 Bg7 5. d3 d6 6. Be3 e5 7. Qd2 h6 8. f4 Nge7 9. Nf3 Nd4 10. O-O Be6 11. f5 gxf5 12. Nh4 f4 13. gxf4 exf4 14. Bxf4 Qd7 15. Nd5 O-O-O 16. c3 Ndc6 17. Rae1 Rhg8 18. Bg3 Ne5 19. d4 N5g6 20. Nxe7+ Nxe7 21. d5 Bh3 22. Rxf7 Bxg2 23. Kxg2 Qe8 24. Ref1 Be5 25. Qxh6 Qa4 26. Qe6+ Kb8 27. Qxe7 Qxe4+ 28. R1f3 Qxd5 29. c4 Qc6 30. Kh3 Rge8 31. Qg5 Rh8 32. Bxe5 dxe5 33. Qxe5+ Ka8 34. Kg3 Rdg8+ 35. Rg7 Qh6 36. Rxg8+ 1-0

[Event "chess.com SpeedChess 2022"]
[Site "chess.com INT"]
[Date "2022.12.06"]
[Round "1.54"]
[White "Carlsen, M."]
[Black "Gukesh, D."]
[Result "1-0"]
[WhiteElo "2859"]
[BlackElo "2725"]
[PlyCount "35"]
[EventDate "2022.11.23"]
[EventType "k.o."]

1. e4 c5 2. Nc3 Nc6 3. f4 g6 4. Nf3 Bg7 5. a3 e6 6. b4 d5 7. e5 cxb4 8. axb4 Nh6 9. b5 Ne7 10. d4 O-O 11. Bd3 Bd7 12. O-O a6 13. Ba3 axb5 14. Nxb5 Nhf5 15. Qd2 Qb6 16. Bc5 Qd8 17. Rxa8 Qxa8 18. g4 1-0

[Event "Bullet Chess Losers 2023"]
[Site "chess.com INT"]
[Date "2023.07.21"]
[Round "5.18"]
[White "Carlsen, M."]
[Black "Naroditsky, D."]
[Result "1-0"]
[WhiteElo "2835"]
[BlackElo "2619"]
[PlyCount "69"]
[EventDate "2023.07.18"]
[EventType "k.o."]

1. e4 c5 2. Nc3 d6 3. g3 Nc6 4. Bg2 g6 5. d3 Bg7 6. Be3 e6 7. Qd2 Nge7 8. Bh6 O-O 9. Bxg7 Kxg7 10. f4 Rb8 11. Nf3 b5 12. O-O b4 13. Ne2 f5 14. exf5 gxf5 15. Rae1 Bd7 16. d4 c4 17. Ng5 h6 18. Nxe6+ Bxe6 19. d5 Bxd5 20. Bxd5 Nxd5 21. Qxd5 Qb6+ 22. Kg2 Rbe8 23. Qxc4 Re4 24. Qd3 Rfe8 25. Rf2 Qb7 26. Kh3 Nd4 27. Nxd4 Rxe1 28. Nxf5+ Kh8 29. Qd4+ Kh7 30. Nxd6 Qd7+ 31. f5 R8e2 32. Rxe2 Rxe2 33. Qg4 Rxc2 34. Qg6+ Kh8 35. Nf7+ 1-0

[Event "Bullet Chess Losers 2023"]
[Site "chess.com INT"]
[Date "2023.07.21"]
[Round "6.7"]
[White "Firouzja, Alireza"]
[Black "Carlsen, M."]
[Result "1-0"]
[WhiteElo "2777"]
[BlackElo "2835"]
[PlyCount "59"]
[EventDate "2023.07.18"]
[EventType "k.o."]

1. e4 c6 2. Nc3 d5 3. Nf3 Bg4 4. h3 Bxf3 5. Qxf3 e6 6. g3 Nd7 7. Bg2 Ngf6 8. d3 Bb4 9. O-O Bxc3 10. bxc3 dxe4 11. dxe4 O-O 12. Qe2 e5 13. f4 Qa5 14. Bd2 Rad8 15. f5 Nc5 16. Be1 Qa6 17. c4 Qa3 18. g4 h6 19. h4 h5 20. gxh5 Rd4 21. Bf2 Rfd8 22. Bxd4 Rxd4 23. Rad1 Qc3 24. Rxd4 Qxd4+ 25. Kh2 Qc3 26. Rd1 Kh7 27. Bf3 b5 28. cxb5 cxb5 29. h6 gxh6 30. Rg1 1-0

[Event "Titled Tue 11th Jun Late"]
[Site "chess.com INT"]
[Date "2024.06.11"]
[Round "5"]
[White "Carlsen, M."]
[Black "Galaktionov, Artem"]
[Result "1-0"]
[WhiteElo "2830"]
[BlackElo "2358"]
[PlyCount "53"]
[EventDate "2024.06.11"]

1. e4 c6 2. Nc3 g6 3. d4 Bg7 4. Nf3 d6 5. Be3 Nd7 6. a4 e5 7. dxe5 dxe5 8. Bc4 Qe7 9. O-O Ngf6 10. h3 O-O 11. a5 Nc5 12. Bxc5 Qxc5 13. Qd3 Nh5 14. Ne2 Nf4 15. Nxf4 exf4 16. c3 Rb8 17. Rfd1 Re8 18. Ra4 b5 19. axb6 axb6 20. Ra7 b5 21. Bxf7+ Kf8 22. Rc7 Re7 23. Qd8+ Kxf7 24. Rxe7+ Qxe7 25. Ng5+ Kf6 26. Rd6+ Be6 27. Rxe6+ 1-0

[Event "FIDE World Rapid Team"]
[Site "Almaty KAZ"]
[Date "2024.08.03"]
[Round "6.1"]
[White "Bilguun, Sumiya"]
[Black "Carlsen, M."]
[Result "0-1"]
[WhiteElo "2470"]
[BlackElo "2832"]
[PlyCount "128"]
[EventDate "2024.08.02"]
[EventType "rapid"]
[WhiteTeam "Hunnu Air"]
[BlackTeam "WR Chess Team"]

1. e4 c5 2. Nc3 a6 3. g3 b5 4. Bg2 Bb7 5. d3 e6 6. Nh3 Nf6 7. O-O d6 8. f4 Be7 9. Nf2 Nc6 10. g4 Nd7 11. Ne2 g5 12. Ng3 gxf4 13. Bxf4 Nde5 14. c3 Ng6 15. Be3 Bg5 16. Qd2 h6 17. Nh5 Nce5 18. Nh3 Bxe3+ 19. Qxe3 Nxg4 20. Qg3 N6e5 21. d4 cxd4 22. cxd4 Qb6 23. Rad1 O-O-O 24. Kh1 Rhg8 25. Qc3+ Kb8 26. dxe5 Ne3 27. Bf3 b4 28. Qc1 Nxf1 29. Rxf1 dxe5 30. Nf6 Rg7 31. Qxh6 Rg6 32. Qh5 Ka7 33. Qxe5 Qe3 34. Bg2 Qd4 35. Qxd4+ Rxd4 36. Rf2 a5 37. b3 Rh6 38. Ng1 Rd1 39. h3 Rh8 40. Kh2 Kb6 41. Nf3 Kc5 42. Ne5 Rhd8 43. Nf3 Kd6 44. e5+ Ke7 45. h4 Bxf3 46. Bxf3 R1d2 47. Kg3 Rxf2 48. Kxf2 Rd2+ 49. Ke3 Rxa2 50. h5 Ra3 51. h6 Rxb3+ 52. Kf4 Kf8 53. h7 Kg7 54. Be4 Rc3 55. Ne8+ Kh8 56. Nd6 Rc7 57. Nb5 Rd7 58. Ke3 a4 59. Bc2 a3 60. Bb1 Rd1 61. Bc2 a2 62. Nd6 Rxd6 63. exd6 a1=Q 64. d7 Qa7+ 0-1

[Event "Titled Tue 21st Jan Early"]
[Site "chess.com INT"]
[Date "2025.01.21"]
[Round "1"]
[White "Biastoch, Bennet"]
[Black "Carlsen, M."]
[Result "0-1"]
[WhiteElo "2205"]
[BlackElo "2831"]
[PlyCount "70"]
[EventDate "2025.01.21"]

1. e4 c6 2. Nc3 d5 3. Nf3 a6 4. a4 Bg4 5. h3 Bh5 6. exd5 cxd5 7. d4 Nc6 8. Be2 e6 9. Bf4 Bd6 10. Bxd6 Qxd6 11. O-O Nf6 12. Re1 O-O 13. Ne5 Bxe2 14. Rxe2 Qb4 15. Nxc6 bxc6 16. Ra3 c5 17. dxc5 Qxc5 18. Nb1 Rab8 19. Rc3 Qb6 20. b3 h6 21. Nd2 Rfc8 22. Rxc8+ Rxc8 23. Nf3 Ne4 24. Re3 Nc3 25. Qd2 Qc5 26. Ne5 Ne4 27. Qe2 Qxc2 28. f3 Qc1+ 29. Kh2 Rc2 30. Qd3 Nf2 31. Qxa6 Qxe3 32. Qa8+ Kh7 33. Nxf7 Qf4+ 34. Kg1 Nxh3+ 35. Kh1 Rc1# 0-1

[Event "Titled Tue 25th Feb Late"]
[Site "chess.com INT"]
[Date "2025.02.25"]
[Round "5"]
[White "Carlsen, M."]
[Black "Gunnarsson, J."]
[Result "1-0"]
[WhiteElo "2833"]
[BlackElo "2444"]
[PlyCount "71"]
[EventDate "2025.02.25"]

1. e4 c5 2. Nc3 g6 3. h4 Nc6 4. h5 Bg7 5. Bb5 d6 6. Bxc6+ bxc6 7. d3 Rb8 8. Qd2 gxh5 9. b3 c4 10. dxc4 Nf6 11. f3 Qa5 12. Nge2 Ba6 13. Nd4 Qe5 14. Nxc6 Nxe4 15. Nxe5 Nxd2 16. Bxd2 Bxe5 17. Rxh5 Kd7 18. O-O-O Rbg8 19. g4 Bb7 20. Nd5 e6 21. Rxe5 exd5 22. Rf5 dxc4 23. Rxf7+ Kc8 24. Bc3 Rf8 25. Rxb7 Kxb7 26. Bxh8 Rxh8 27. Rxd6 Rf8 28. Rd4 cxb3 29. axb3 Rxf3 30. Rd7+ Kb6 31. Rxh7 a5 32. Kb2 Kb5 33. Rh5+ Kb4 34. c3+ Rxc3 35. Rb5+ Kxb5 36. Kxc3 1-0